000
00401nam a2200133Ia 4500
008
100328s9999 xx 000 0 und d
082
_b
51462
100
_a
रानडे जयंत
245
_a
शूरा मी वंदिले
260
_b
पार्टनर
630
_a
शूरा मी वंदिले
730
_a
शूरा मी वंदिले
942
_c
BOOK
999
_c
538407
_d
538404